| 000 | 01011nam a22002177a 4500 | ||
|---|---|---|---|
| 008 | 110726s1993 xxu||||| |||| 00| 0 ara d | ||
| 020 | _a9770134783 | ||
| 082 |
_222 _a281.72 _bب ت ل |
||
| 100 | 1 |
_926437 _aبتلر . ج ، ألفريد |
|
| 245 |
_aالكنائس القبطية القديمة فى مصر / _cألفريد.ج . بتلر ؛ ترجمة إبراهيم سلامة إبراهيم ؛ مراجعة وتقديم نيافة الأنبا غريغوريوس |
||
| 260 |
_aالقاهرة : _bالهيئة المصرية العامة للكتاب ، _c1993. |
||
| 300 |
_a215 ص : _bايض ؛ _c24 سم. |
||
| 504 | _aيشتمل على إرجاعات ببليوجرافية | ||
| 650 |
_926438 _aالأقباط |
||
| 650 |
_922212 _aالكنائس _zمصر |
||
| 650 |
_926439 _aالكنائس _xتاريخ |
||
| 653 |
_bGeneral _cJuly2011 |
||
| 700 |
_922025 _aإبراهيم ، إبراهيم سلامة _eترجمة |
||
| 700 |
_926441 _aغريغوريوس _eمراجعة وتقديم |
||
| 942 |
_2ddc _cBB |
||
| 999 |
_c15741 _d15741 |
||